书目信息 |
| 题名: |
我国沿海大气颗粒物特征及陆源影响研究
|
|
| 作者: | 胡敏 著 | |
| 分册: | ||
| 出版信息: | 北京 中国环境出版集团 2017.09 |
|
| 页数: | 225页 | |
| 开本: | 23cm | |
| 丛书名: | 环保公益性行业科研专项经费项目系列丛书 | |
| 单 册: | ||
| 中图分类: | X513 | |
| 科图分类: | ||
| 主题词: | 沿海--气体污染物--粒状污染物--研究 | |
| 电子资源: | ||
| ISBN: | 978-7-5111-3315-1 | |
| 000 | 01132oam2 2200265 450 | |
| 001 | 1102 | |
| 005 | 20180927115328.70 | |
| 010 | @a978-7-5111-3315-1@dCNY60.00 | |
| 100 | @a20180913d2017 em y0chiy50 ea | |
| 101 | 0 | @achi |
| 102 | @aCN@b110000 | |
| 105 | @aa z 000yy | |
| 200 | 1 | @a我国沿海大气颗粒物特征及陆源影响研究@9wo guo yan hai da qi ke li wu te zheng ji lu yuan ying xiang yan jiu@f胡敏[等]著 |
| 210 | @a北京@c中国环境出版集团@d2017.09 | |
| 215 | @a225页@c图@d23cm | |
| 225 | 1 | @a环保公益性行业科研专项经费项目系列丛书 |
| 300 | @a东亚地区大气污染物跨界输送及其相互影响与应对策略研究 | |
| 304 | @a著者还有:郭庆丰、郭松、胡伟伟 | |
| 330 | @a本书着重介绍海洋与海洋大气及其生物地球化学循环过程中的物质交换,内容包括:海洋及其生物地球化学循环;陆源大气污染物的排放、传输及其对海洋环境的影响;海洋大气颗粒物理化特性及其测定方法;我国沿海大气污染特征;我国沿海地区大气颗粒物来源分析等。 | |
| 461 | 0 | @12001 @a环保公益性行业科研专项经费项目系列丛书 |
| 606 | 0 | @a沿海@x气体污染物@x粒状污染物@x研究 |
| 690 | @aX513@v5 | |
| 701 | 0 | @a胡敏@9hu min@4著 |
| 801 | 0 | @aCN@b91MARC@c20180913 |
| 905 | @aMuseLib@dX513@e173 | |
| 我国沿海大气颗粒物特征及陆源影响研究/胡敏[等]著.-北京:中国环境出版集团,2017.09 |
| 225页:图;23cm.-(环保公益性行业科研专项经费项目系列丛书) |
| 东亚地区大气污染物跨界输送及其相互影响与应对策略研究 |
| ISBN 978-7-5111-3315-1:CNY60.00 |
| 本书着重介绍海洋与海洋大气及其生物地球化学循环过程中的物质交换,内容包括:海洋及其生物地球化学循环;陆源大气污染物的排放、传输及其对海洋环境的影响;海洋大气颗粒物理化特性及其测定方法;我国沿海大气污染特征;我国沿海地区大气颗粒物来源分析等。 |
| ● |
| 相关链接 |
|
|
|
|
正题名:我国沿海大气颗粒物特征及陆源影响研究
索取号:X513/173
 
预约/预借
| 序号 | 登录号 | 条形码 | 馆藏地/架位号 | 状态 | 备注 |
| 1 | 1121174 | 211211749 | 第二样本阅览室/ [索取号:X513/173] | 在馆 | |
| 2 | 1121175 | 211211758 | 第三借阅区/ [索取号:X513/173] | 在馆 | |
| 3 | 1121176 | 211211767 | 密集书库-资源管理系/ [索取号:X513/173] | 在馆 | |
| 4 | 1121177 | 211211776 | 第三借阅区/ [索取号:X513/173] | 在馆 | |
| 5 | 1121178 | 211211785 | 第三借阅区/ [索取号:X513/173] | 在馆 |